| 000 | 00494nam a2200205Ia 4500 | ||
|---|---|---|---|
| 003 | OSt | ||
| 005 | 20221005131624.0 | ||
| 006 | a|||||r|||| 00| 0 | ||
| 007 | ta | ||
| 008 | 221004b |||||||| |||| 00| 0 eng d | ||
| 024 | _a112604 | ||
| 037 | _cTextual | ||
| 040 |
_aCRL _cCRL _beng |
||
| 041 |
_2eng _aeng |
||
| 110 | _aWest Bangal | ||
| 245 | 0 | _aState Stationtical prureau statistieal preud west Bangal | |
| 700 | _aWest Bangal | ||
| 942 |
_cTEXL _2cc |
||
| 999 |
_c1060941 _d1060941 |
||